Basic tactics for listening
Giới thiệu các bài học theo từng chủ đề cụ thể rèn luyện kỹ năng nghe cho người nước ngoài học tiếng Anh có kèm theo bài tập thực hành
Wedi'i Gadw mewn:
| Prif Awdur: | |
|---|---|
| Fformat: | Llyfr |
| Iaith: | Undetermined |
| Cyhoeddwyd: |
Hong Kong
Oxford University
2003
|
| Pynciau: | |
| Mynediad Ar-lein: | http://lrc.tdmu.edu.vn/opac/search/detail.asp?aID=2&ID=16501 |
| Tagiau: |
Ychwanegu Tag
Dim Tagiau, Byddwch y cyntaf i dagio'r cofnod hwn!
|
| Thư viện lưu trữ: | Trung tâm Học liệu Trường Đại học Thủ Dầu Một |
|---|
| LEADER | 00823nam a2200205Ia 4500 | ||
|---|---|---|---|
| 001 | TDMU_16501 | ||
| 008 | 210410s9999 xx 000 0 und d | ||
| 082 | |a 428.3 | ||
| 090 | |b R302 | ||
| 100 | |a Richards, Jack C | ||
| 245 | 0 | |a Basic tactics for listening | |
| 245 | 0 | |c Jack C. Richards | |
| 260 | |a Hong Kong | ||
| 260 | |b Oxford University | ||
| 260 | |c 2003 | ||
| 300 | |a 97p. | ||
| 520 | |a Giới thiệu các bài học theo từng chủ đề cụ thể rèn luyện kỹ năng nghe cho người nước ngoài học tiếng Anh có kèm theo bài tập thực hành | ||
| 650 | |a Tiếng Anh |x Kỹ năng nghe |v Sách luyện thi | ||
| 856 | |u http://lrc.tdmu.edu.vn/opac/search/detail.asp?aID=2&ID=16501 | ||
| 980 | |a Trung tâm Học liệu Trường Đại học Thủ Dầu Một | ||